West Ham Captains - Statistics

General Stats
  • This quiz has been taken 211 times
    63 since last reset
  • The average score is 7 of 24
Answer Stats
Period Answer % Correct
2015-2022 Mark Noble
89%
2024-present Jarrod Bowen
85%
1962-1974 Bobby Moore
81%
2022-2023 Declan Rice
75%
2011-2015 Kevin Nolan
51%
2023-2024 Kurt Zouma
45%
1974-1984 Billy Bonds
43%
2001-2003 Paolo Di Canio
36%
1984-1990 Alvin Martin
26%
1992-1993 Julian Dicks
26%
1996-1997 Julian Dicks
26%
2009-2011 Matthew Upson
26%
2003 Joe Cole
25%
1993-1996 Steve Potts
21%
2007-2009 Lucas Neill
19%
1997-2001 Steve Lomas
19%
2005-2007 Nigel Reo-Coker
17%
1951-1957 Malcolm Allison
13%
1990-1992 Ian Bishop
9%
2003-2005 Christian Dailly
4%
1957-1960 Noel Cantwell
4%
1937-1946 Charles Bicknell
0%
1946-1951 Dick Walker
0%
1960-1962 Phil Woosnam
0%
No matching quizzes found
Score Distribution
Percent of People with Each Score
Percentile by Number Answered
Your Score History
You have not taken this quiz since the last reset